000
00301nam a22001337a 4500
008
210303b ||||| |||| 00| 0 eng d
020
_a
9781565335691
041
_a
eng
080
_2
10th
_a
610.73
100
_a
2
101
_a
INF
245
_a
Content Mastery Series
_c
Hoffman,L.J
942
_2
udc
_c
BK
999
_c
55606
_d
55606